Kým je živá pamäť obyčajných ľudí Rozhovor s Juliou Kristevovou

Bibliographic Details
Main Author: Kristeva, Julia, 1941- (Author)
Format: Article
Language:Slovak
Subjects:

MARC

LEADER 00000nab a2200000 a 4500
001 vtls000500791
003 SK-MaSNL
005 20260304084252.0
008 250425c1993 xo 0 slo
015 |a SNBRB19rr/mm-uuuuu 
035 |a CL0500929 
035 |a urn:nbn:sk:snk-abf6mc 
035 |a (urnnbn)urn:nbn:sk:snk:ar-00044z 
035 |a (uuid)8168b60a-e4b9-487a-9834-2853419bd911 
040 |a SNKBUCL  |b slo  |c SNKBUCL  |e AACR2 
041 0 |a slo 
044 |a xo  |c SK 
080 |a 82:929:840  |2 1981 
080 |a 840  |2 1981 
080 |a 003-051  |2 1981 
080 |a 929 Kristeva, Julia  |2 1981 
100 1 |a Kristeva, Julia,  |d 1941-  |4 aut  |9 186154 
245 1 0 |a Kým je živá pamäť obyčajných ľudí  |b Rozhovor s Juliou Kristevovou  |c Julia Kristeva, Magda Karabelova ; Prekl. Igor Hochel 
500 |a V dok. uvedené mená Julia Kristevová a Magda Karabelovová 
600 1 7 |a Kristeva, Julia,  |d 1941-  |2 snkbucl  |9 186154 
655 7 |a rozhovory  |2 snkbucl  |9 31831 
655 7 |a články z odboru literárna veda a krásna literatúra  |2 snkbucl  |9 770045 
655 7 |a články z novín a časopisov  |2 snkbucl  |9 267496 
773 0 |t Romboid  |g Roč. 28, č. 10 (1993), s. 73-78 
850 |a Slovenská národná knižnica 
852 |a Slovenská národná knižnica 
958 |a article23 
958 |a RK 
958 |a BC 
958 |a LX 
958 |a FR 
958 |a BG 
958 |a OND 
958 |a EUIPO 
992 |a RBX 
999 |c 2802721  |d 2804651